Faktoring ako osobitná forma financovania v podmienkach Slovenskej republiky

Štruktúra financovania dodávateľského reťazca, ktorú využíva Rolls-Royce Holdings PLC na zabezpečenie stability a uvoľnenie finančných prostriedkov. Daný benchmark v oblasti využitia faktoringu je priamo aplikovateľný na automobilové podniky, ktoré produkujú najväčšiu časť HDP Slovenska.

Guardado en:
Detalles Bibliográficos
Autor principal: Cibuľa, Milan, 1995-
Formato: Capítulo de libro
Lenguaje:eslovaco
Materias:
Etiquetas: Agregar Etiqueta
Sin Etiquetas, Sea el primero en etiquetar este registro!

MARC

LEADER 00000naa a2200000 4500
001 0271349
005 20260205072307.6
041 0 |a slo 
044 |a SK 
245 1 0 |a Faktoring ako osobitná forma financovania v podmienkach Slovenskej republiky  |c Milan Cibuľa 
520 |a Štruktúra financovania dodávateľského reťazca, ktorú využíva Rolls-Royce Holdings PLC na zabezpečenie stability a uvoľnenie finančných prostriedkov. Daný benchmark v oblasti využitia faktoringu je priamo aplikovateľný na automobilové podniky, ktoré produkujú najväčšiu časť HDP Slovenska. 
610 2 0 |a reťazce dodávateľsko-odberateľské 
610 2 0 |a faktoring 
610 2 0 |a financovanie podnikov 
610 2 0 |a riziko finančné 
100 1 |a Cibuľa, Milan, 1995-